[Event "FIDE World Youth U16 Chess Olympiad SLOVAKIA 2016"]
[Site "Poprad Tatry SLOVAKIA"]
[Date "2016.07.25"]
[Round "5"]
[Board "1"]
[White "Tsolakidou, Stavroula"]
[Black "Nikitenko, Mihail"]
[Result "0-1"]
[WhiteElo "2364"]
[BlackElo "2364"]
[PlyCount "84"]
[EventDate "2016.07.22"]
[EventType "team"]
[EventRounds "9"]
[EventCountry "SVK"]
[WhiteTeam "Greece"]
[BlackTeam "Belarus"]

1. e4 e5 2. Nf3 Nc6 3. Bb5 a6 4. Ba4 Nf6 5. d3 b5 6. Bb3 Be7 7. O-O d6 8. a3
O-O 9. Nc3 Bg4 10. Be3 Nd4 11. Bxd4 exd4 12. Nd5 c5 13. h3 Be6 14. Nf4 Bxb3 15.
cxb3 Ne8 16. b4 Nc7 17. Qb3 a5 18. Rfe1 a4 19. Qa2 Qd7 20. Rac1 Ra6 21. g3 h6
22. e5 cxb4 23. axb4 d5 24. Nxd4 Bxb4 25. Re2 Ne6 26. Ndxe6 fxe6 27. Rec2 Qf7
28. b3 a3 29. Rc7 Qe8 30. d4 Ra8 31. Nd3 Ba5 32. R7c6 Bd2 33. R1c2 b4 34. Rb6
Bc3 35. Nc5 Bxd4 36. Rxb4 Bxf2+ 37. Kg2 Bxc5 38. Rxc5 Qe7 39. Rcb5 Qc7 40. Rb7
Qxe5 41. Rg4 g5 42. Qc2 Qb2 0-1

[Event "FIDE World Youth U16 Chess Olympiad SLOVAKIA 2016"]
[Site "Poprad Tatry SLOVAKIA"]
[Date "2016.07.25"]
[Round "5"]
[Board "2"]
[White "Zarubitski, Viachaslau"]
[Black "Alexiadis, Hristos"]
[Result "1-0"]
[WhiteElo "2289"]
[BlackElo "2254"]
[PlyCount "95"]
[EventDate "2016.07.22"]
[EventType "team"]
[EventRounds "9"]
[EventCountry "SVK"]
[WhiteTeam "Belarus"]
[BlackTeam "Greece"]

1. e4 c5 2. Nf3 d6 3. d4 Nf6 4. Nc3 cxd4 5. Nxd4 a6 6. Be3 e5 7. Nb3 Be7 8. Qd2
O-O 9. f4 b5 10. O-O-O Nbd7 11. Nd5 Nxd5 12. exd5 Bf6 13. Na5 exf4 14. Bxf4 Nc5
15. Nc6 Qc7 16. Qb4 Qd7 17. Be2 Bb7 18. h3 a5 19. Nxa5 Rxa5 20. Qxa5 Ra8 21.
Qxb5 Qd8 22. Rhe1 Ra5 23. Bxd6 Rxb5 24. Bxb5 Nd7 25. Kb1 h5 26. a4 Kh7 27. Bb4
Ne5 28. d6 Bxg2 29. d7 Bxh3 30. Rxe5 Bxe5 31. Ba5 Qxa5 32. d8=Q Qxd8 33. Rxd8
Bg2 34. Rd2 Ba8 35. a5 h4 36. Bd7 Kg6 37. b4 f5 38. b5 Bc3 39. Rd6+ Kg5 40. a6
Be5 41. Rd1 Bf3 42. Bc6 Bxd1 43. a7 h3 44. a8=Q Bg4 45. b6 h2 46. b7 h1=B 47.
Bxh1 Bb8 48. Qxb8 1-0

[Event "FIDE World Youth U16 Chess Olympiad SLOVAKIA 2016"]
[Site "Poprad Tatry SLOVAKIA"]
[Date "2016.07.25"]
[Round "5"]
[Board "3"]
[White "Ioannidis, Evgenios"]
[Black "Ivannikau, Maksim"]
[Result "1-0"]
[WhiteElo "2282"]
[BlackElo "2168"]
[PlyCount "93"]
[EventDate "2016.07.22"]
[EventType "team"]
[EventRounds "9"]
[EventCountry "SVK"]
[WhiteTeam "Greece"]
[BlackTeam "Belarus"]

1. e4 c5 2. Nf3 g6 3. c4 Bg7 4. d4 cxd4 5. Nxd4 Nc6 6. Be3 Nf6 7. Nc3 O-O 8.
Be2 d6 9. O-O Bd7 10. h3 Nxd4 11. Bxd4 Bc6 12. Qc2 a5 13. Rad1 Nd7 14. Bxg7
Kxg7 15. Bg4 Ne5 16. c5 Nxg4 17. hxg4 Qd7 18. Qe2 Qe6 19. cxd6 exd6 20. Rd4
Rfe8 21. Qf3 Rad8 22. Rfd1 Qe5 23. Qe3 h6 24. Qd2 h5 25. g5 h4 26. f4 Qe6 27.
Kh2 b5 28. a3 Qg4 29. Qe3 b4 30. axb4 axb4 31. Rxb4 Rb8 32. Rxb8 Rxb8 33. Rd2
Rb3 34. Qf3 Qe6 35. Qf2 Rb4 36. Qxh4 Bxe4 37. Re2 d5 38. Re3 Kf8 39. Qh8+ Ke7
40. Nxe4 dxe4 41. Ra3 Qb6 42. Ra8 Rxb2 43. Qe8+ Kd6 44. Rd8+ Kc5 45. Qe5+ Kc4
46. Qxe4+ Kb3 47. Rd3+ 1-0

[Event "FIDE World Youth U16 Chess Olympiad SLOVAKIA 2016"]
[Site "Poprad Tatry SLOVAKIA"]
[Date "2016.07.25"]
[Round "5"]
[Board "4"]
[White "Badelka, Olga"]
[Black "Drakoulakos, Grigorios"]
[Result "1/2-1/2"]
[WhiteElo "2175"]
[BlackElo "2270"]
[PlyCount "189"]
[EventDate "2016.07.22"]
[EventType "team"]
[EventRounds "9"]
[EventCountry "SVK"]
[WhiteTeam "Belarus"]
[BlackTeam "Greece"]

1. d4 Nf6 2. c4 e6 3. Nc3 Bb4 4. e3 O-O 5. Nge2 Re8 6. a3 Bf8 7. d5 a5 8. Ng3
Na6 9. Bd3 Nc5 10. Bc2 exd5 11. cxd5 b5 12. Nxb5 Ba6 13. Nc3 Bd6 14. b4 Be5 15.
Bb2 axb4 16. axb4 Qb8 17. b5 Bxb5 18. Nxb5 Bxb2 19. Rxa8 Qxa8 20. O-O Qa5 21.
Nd4 Nb7 22. Qb1 Bxd4 23. Qxb7 Be5 24. Rd1 Qc3 25. Bd3 Qa3 26. Be2 g6 27. Bf3
Qa4 28. Rc1 h5 29. Nf1 Qa3 30. Rd1 Kg7 31. Nd2 Qc3 32. Qb3 Qxb3 33. Nxb3 Rb8
34. Nd2 Rb4 35. h3 Kf8 36. Rc1 Rb5 37. e4 Bf4 38. Rb1 Rc5 39. Nf1 Rc2 40. g3
Be5 41. Rd1 c5 42. dxc6 dxc6 43. Bg2 c5 44. f4 Bd4+ 45. Kh1 Re2 46. e5 Ne8 47.
Nd2 Nc7 48. Ne4 h4 49. gxh4 Ne6 50. Rf1 c4 51. h5 gxh5 52. f5 Nc5 53. Nxc5 Bxc5
54. Rc1 Rxe5 55. Bf1 Rxf5 56. Bxc4 Bd6 57. Rf1 Bf4 58. Be2 h4 59. Bg4 Rf6 60.
Kg2 Kg7 61. Kf3 Kh6 62. Ke4 Kg5 63. Rb1 Bg3 64. Rb5+ Kg6 65. Rf5 Re6+ 66. Kd3
Ra6 67. Ke4 Ra4+ 68. Kd3 f6 69. Ke3 Ra1 70. Ke4 Re1+ 71. Kd3 Be5 72. Kd2 Rg1
73. Ke2 Ra1 74. Ke3 Kf7 75. Rh5 Bg3 76. Rf5 Ke7 77. Rb5 Be5 78. Rb7+ Kd6 79.
Rh7 Bg3 80. Rh5 Ra3+ 81. Ke4 Be5 82. Rxh4 Ra4+ 83. Kd3 Bf4 84. Rh7 Bg5 85. Rb7
Ra5 86. Rb6+ Ke5 87. Rb1 Ra3+ 88. Ke2 Kf4 89. Rb4+ Kg3 90. Rb5 Re3+ 91. Kd1
Rd3+ 92. Kc2 Rd2+ 93. Kc3 Rf2 94. Rf5 Bf4 95. Kc4 1/2-1/2

[Event "FIDE World Youth U16 Chess Olympiad SLOVAKIA 2016"]
[Site "Poprad Tatry SLOVAKIA"]
[Date "2016.07.25"]
[Round "5"]
[Board "1"]
[White "Liu, Yan"]
[Black "Bashirli, Nail"]
[Result "1-0"]
[WhiteElo "2402"]
[BlackElo "2414"]
[PlyCount "120"]
[EventDate "2016.07.22"]
[EventType "team"]
[EventRounds "9"]
[EventCountry "SVK"]
[WhiteTeam "China 1"]
[BlackTeam "Azerbaijan"]

1. Nf3 Nf6 2. c4 b6 3. g3 c5 4. Bg2 Bb7 5. O-O g6 6. Nc3 Bg7 7. d4 cxd4 8. Qxd4
d6 9. Rb1 Nbd7 10. b3 Rc8 11. Bb2 Rc5 12. e4 O-O 13. Qd3 a6 14. Rfe1 Rc8 15.
Qe2 Re8 16. Nd2 Qc7 17. Rbc1 Qb8 18. Bh3 e6 19. Ba3 h5 20. Bg2 Ng4 21. h3 Nge5
22. Red1 Nc5 23. Nf1 Nc6 24. Qe3 Bf8 25. Nh2 Ba8 26. g4 Kh7 27. Qg3 Bh6 28.
gxh5 gxh5 29. Qh4 Rg8 30. Qxh5 Ne5 31. Ng4 Nxg4 32. hxg4 Rg5 33. Qxf7+ Rg7 34.
Qh5 Rcg8 35. f3 Nxe4 36. Nxe4 Bxe4 37. Bxd6 Qa7 38. Bf4 b5+ 39. c5 Rg5 40. Bxg5
Rxg5 41. Qe8 Bd5 42. Re1 Rg6 43. Bf1 Qc7 44. Bg2 Qg3 45. Kf1 Rxg4 46. Rc2 Rg8
47. Qf7+ Rg7 48. Qh5 Rg5 49. Qh3 Qf4 50. Rxe6 Bxe6 51. Qxe6 Re5 52. Qd7+ Bg7
53. Qd3+ Kh8 54. c6 Re3 55. Qd8+ Kh7 56. Qd1 Bc3 57. Qd7+ Kh6 58. Qh3+ Kg5 59.
Qg4+ Qxg4 60. fxg4 b4 1-0

[Event "FIDE World Youth U16 Chess Olympiad SLOVAKIA 2016"]
[Site "Poprad Tatry SLOVAKIA"]
[Date "2016.07.25"]
[Round "5"]
[Board "2"]
[White "Mammadzada, Gunay"]
[Black "Nie, Xinyang"]
[Result "1-0"]
[WhiteElo "2353"]
[BlackElo "2314"]
[PlyCount "125"]
[EventDate "2016.07.22"]
[EventType "team"]
[EventRounds "9"]
[EventCountry "SVK"]
[WhiteTeam "Azerbaijan"]
[BlackTeam "China 1"]

1. e4 e6 2. d4 d5 3. Nd2 dxe4 4. Nxe4 Nd7 5. Nf3 Be7 6. Bd3 Ngf6 7. O-O O-O 8.
Qe2 b6 9. Rd1 Bb7 10. Nxf6+ Nxf6 11. c4 Qc8 12. Bf4 Nh5 13. Bd2 Re8 14. Ne5 Nf6
15. b4 g6 16. Bc3 Bf8 17. Qe3 Bg7 18. Qf4 Qd8 19. Be2 Qe7 20. Bf3 Bxf3 21. Qxf3
b5 22. cxb5 Nd5 23. Be1 Bxe5 24. dxe5 Rab8 25. a4 Red8 26. Qe4 Rd7 27. f3 Rbd8
28. Bh4 g5 29. Bf2 Nf4 30. Rxd7 Rxd7 31. Qa8+ Rd8 32. Qxa7 Qxb4 33. Qe3 Qb2 34.
Rf1 Rd3 35. Qc5 Qe2 36. Qc1 Qxe5 37. Re1 Qf6 38. Qxc7 Rd2 39. Qe5 Qg6 40. Qe4
Qf6 41. Qe5 Qg6 42. Qe4 Qf6 43. Rf1 Qb2 44. Qe3 Rd3 45. Qc5 Ne2+ 46. Kh1 Nf4
47. Qxg5+ Ng6 48. h3 Qe2 49. Qc1 Nf4 50. Qe1 Qb2 51. Qe4 e5 52. b6 Rb3 53. a5
Rb4 54. Qe3 Rb3 55. Qc1 Qe2 56. Qd1 Qb2 57. a6 Kg7 58. a7 Ra3 59. Qb1 Qe2 60.
Qe1 Qb2 61. b7 Nd3 62. b8=Q Qa2 63. Qe3 1-0

[Event "FIDE World Youth U16 Chess Olympiad SLOVAKIA 2016"]
[Site "Poprad Tatry SLOVAKIA"]
[Date "2016.07.25"]
[Round "5"]
[Board "3"]
[White "Chen, Qi B"]
[Black "Asadli, Vugar"]
[Result "1/2-1/2"]
[WhiteElo "2210"]
[BlackElo "2411"]
[PlyCount "55"]
[EventDate "2016.07.22"]
[EventType "team"]
[EventRounds "9"]
[EventCountry "SVK"]
[WhiteTeam "China 1"]
[BlackTeam "Azerbaijan"]

1. e4 g6 2. d4 Bg7 3. Nc3 d6 4. f4 a6 5. Nf3 b5 6. Bd3 Nd7 7. Be3 Bb7 8. e5 e6
9. a4 b4 10. Ne4 Ne7 11. Qd2 d5 12. Neg5 a5 13. Nxf7 Kxf7 14. Ng5+ Kg8 15. Nxe6
Qe8 16. Nxc7 Qc8 17. Nxa8 Bxa8 18. f5 Nxf5 19. Bxf5 gxf5 20. O-O Nf8 21. Bh6
Ng6 22. Qg5 Bxh6 23. Qxh6 Bc6 24. Qg5 Be8 25. h4 h6 26. Qf6 Rh7 27. Rxf5 Rg7
28. Rf2 1/2-1/2

[Event "FIDE World Youth U16 Chess Olympiad SLOVAKIA 2016"]
[Site "Poprad Tatry SLOVAKIA"]
[Date "2016.07.25"]
[Round "5"]
[Board "4"]
[White "Muradli, Mahammad"]
[Black "Wang, Shiwu"]
[Result "0-1"]
[WhiteElo "2325"]
[BlackElo "2013"]
[PlyCount "120"]
[EventDate "2016.07.22"]
[EventType "team"]
[EventRounds "9"]
[EventCountry "SVK"]
[WhiteTeam "Azerbaijan"]
[BlackTeam "China 1"]

1. d4 Nf6 2. Nf3 e6 3. c4 d5 4. Nc3 Be7 5. Bf4 O-O 6. e3 Nbd7 7. Qc2 c6 8. a3
b6 9. cxd5 cxd5 10. Bd3 Bb7 11. O-O Rc8 12. Qa4 a6 13. Qb3 b5 14. a4 b4 15. a5
Nh5 16. Ne2 Nxf4 17. Nxf4 Qc7 18. Qd1 g6 19. Qd2 Qd6 20. Be2 Nf6 21. Rfc1 Ne4
22. Qe1 Rxc1 23. Rxc1 Rc8 24. Rxc8+ Bxc8 25. Nd3 f6 26. Qc1 Bd7 27. Nfe1 Bb5
28. f3 Ng5 29. Bd1 Qd8 30. Qa1 Qc7 31. Nc1 Bd6 32. Be2 Bxh2+ 33. Kf1 Qc6 34.
Ncd3 Bd6 35. Qc1 Qc4 36. Qd2 Qc7 37. Nxb4 Qxa5 38. Nec2 Nf7 39. Bxb5 Qxb5+ 40.
Kf2 a5 41. Nd3 Nd8 42. Qc3 Nc6 43. Ke2 a4 44. e4 e5 45. exd5 Qxd5 46. dxe5 Nxe5
47. Ne3 Qb5 48. Nc2 Nxd3 49. Qxd3 Qxb2 50. Qc4+ Kg7 51. Qxa4 Qe5+ 52. Kf1 h5
53. Nd4 Kh6 54. Qc4 Qf4 55. Qd3 Qc1+ 56. Ke2 Bf4 57. Ne6 Qb2+ 58. Kf1 Qa1+ 59.
Kf2 Qa2+ 60. Qe2 Bg3+ 0-1

[Event "FIDE World Youth U16 Chess Olympiad SLOVAKIA 2016"]
[Site "Poprad Tatry SLOVAKIA"]
[Date "2016.07.25"]
[Round "5"]
[Board "1"]
[White "Djordjevic, Vuk"]
[Black "Vogel, Roven"]
[Result "1/2-1/2"]
[WhiteElo "2415"]
[BlackElo "2425"]
[PlyCount "108"]
[EventDate "2016.07.22"]
[EventType "team"]
[EventRounds "9"]
[EventCountry "SVK"]
[WhiteTeam "Serbia"]
[BlackTeam "Germany 1"]

1. e4 d6 2. d4 Nf6 3. Nc3 g6 4. Nf3 Bg7 5. Be2 O-O 6. O-O c6 7. a4 Nbd7 8. h3
e5 9. dxe5 Nxe5 10. Nxe5 dxe5 11. Bc4 Qe7 12. b3 Rd8 13. Ba3 Qe8 14. Qf3 Be6
15. Bxe6 Qxe6 16. Rad1 Bf8 17. Bxf8 Kxf8 18. Qe3 b6 19. a5 c5 20. Ra1 Kg7 21.
f4 exf4 22. Rxf4 Ne8 23. Raf1 Rd7 24. Nd5 Rad8 25. Rh4 f6 26. Qh6+ Kg8 27. axb6
axb6 28. c4 Rg7 29. Rhf4 Rf7 30. h4 Rd6 31. R4f3 Qe5 32. Qe3 Kg7 33. Rh3 h5 34.
Rg3 Kh7 35. Rg5 Qd4 36. Qxd4 cxd4 37. e5 Re6 38. exf6 Nxf6 39. Rg3 Kg7 40. Rgf3
Rd6 41. Nxf6 Rfxf6 42. Rxf6 Rxf6 43. Rxf6 Kxf6 44. Kf2 Ke5 45. Kf3 Kf5 46. b4
Ke5 47. g3 Kf5 48. b5 Ke5 49. Ke2 Ke6 50. Kd2 Kd6 51. Kc2 Ke6 52. Kd2 Kd6 53.
Kc2 Ke6 54. Kd3 Ke5 1/2-1/2

[Event "FIDE World Youth U16 Chess Olympiad SLOVAKIA 2016"]
[Site "Poprad Tatry SLOVAKIA"]
[Date "2016.07.25"]
[Round "5"]
[Board "2"]
[White "Urban, Konstantin"]
[Black "Ivic, Velimir"]
[Result "1/2-1/2"]
[WhiteElo "2329"]
[BlackElo "2315"]
[PlyCount "88"]
[EventDate "2016.07.22"]
[EventType "team"]
[EventRounds "9"]
[EventCountry "SVK"]
[WhiteTeam "Germany 1"]
[BlackTeam "Serbia"]

1. e4 c5 2. Nf3 Nc6 3. d4 cxd4 4. Nxd4 g6 5. c4 Bg7 6. Be3 Nf6 7. Nc3 d6 8. Be2
O-O 9. O-O Bd7 10. Qd2 Nxd4 11. Bxd4 Bc6 12. f3 a5 13. b3 Nd7 14. Be3 Nc5 15.
Rab1 e6 16. Rfd1 Be5 17. Bf1 Qe7 18. Nb5 Rfd8 19. Bg5 Bf6 20. Bxf6 Qxf6 21.
Nxd6 e5 22. Qe3 b6 23. Nb5 Bxb5 24. cxb5 Rxd1 25. Rxd1 Rd8 26. Rxd8+ Qxd8 27.
Bc4 Qd1+ 28. Kf2 Kg7 29. Qc3 f6 30. Be2 Qd6 31. Bc4 Qd1 32. a3 h5 33. b4 axb4
34. axb4 Na4 35. Qd3 Qc1 36. Qd5 Kh6 37. Be2 Nc3 38. Qd3 Qb2 39. Qc4 Nxe2 40.
Qxe2 Qxb4 41. Qe3+ g5 42. Qxb6 Qd2+ 43. Kf1 Qd1+ 44. Kf2 Qd2+ 1/2-1/2

[Event "FIDE World Youth U16 Chess Olympiad SLOVAKIA 2016"]
[Site "Poprad Tatry SLOVAKIA"]
[Date "2016.07.25"]
[Round "5"]
[Board "3"]
[White "Injac, Teodora"]
[Black "Schroeder, Kevin"]
[Result "1-0"]
[WhiteElo "2215"]
[BlackElo "2350"]
[PlyCount "103"]
[EventDate "2016.07.22"]
[EventType "team"]
[EventRounds "9"]
[EventCountry "SVK"]
[WhiteTeam "Serbia"]
[BlackTeam "Germany 1"]

1. Nf3 Nf6 2. c4 e6 3. g3 b6 4. Bg2 Bb7 5. O-O Be7 6. b3 O-O 7. Bb2 d6 8. Nc3
Nbd7 9. d4 e5 10. d5 a6 11. Ne1 Rb8 12. Nd3 b5 13. cxb5 axb5 14. Nb4 Nc5 15. e3
Na6 16. a3 Qc8 17. Rc1 Qd7 18. Nc6 Bxc6 19. dxc6 Qe6 20. b4 Rfd8 21. Nd5 e4 22.
Nf4 Qa2 23. Rc2 Qb3 24. Qb1 Rb6 25. Bxf6 Qxb1 26. Rxb1 Bxf6 27. Nd5 Rbb8 28.
Bxe4 Ra8 29. Nxf6+ gxf6 30. Bd5 Ra7 31. Rc3 Rda8 32. Rd1 Nb8 33. Rdd3 Ra6 34.
Bf3 Rb6 35. Rxd6 Kg7 36. Rd5 Ra4 37. Rd8 Raa6 38. Rc8 Nxc6 39. Rxc7 Ne5 40. Be2
Rd6 41. Bxb5 Rab6 42. Be2 Rb8 43. f4 Ng6 44. Rd3 Rbd8 45. Rxd6 Rxd6 46. b5 Rd2
47. Kf2 Nf8 48. Ke1 Rb2 49. Bc4 Ng6 50. Rxf7+ Kh8 51. Rxf6 Rxh2 52. b6 1-0

[Event "FIDE World Youth U16 Chess Olympiad SLOVAKIA 2016"]
[Site "Poprad Tatry SLOVAKIA"]
[Date "2016.07.25"]
[Round "5"]
[Board "4"]
[White "Buckels, Valentin"]
[Black "Omorjan, Dejan"]
[Result "0-1"]
[WhiteElo "2332"]
[BlackElo "2201"]
[PlyCount "180"]
[EventDate "2016.07.22"]
[EventType "team"]
[EventRounds "9"]
[EventCountry "SVK"]
[WhiteTeam "Germany 1"]
[BlackTeam "Serbia"]

1. d4 Nf6 2. c4 g6 3. Nf3 Bg7 4. g3 O-O 5. Bg2 d6 6. O-O c5 7. dxc5 dxc5 8. Ne5
Qc7 9. Nd3 Nc6 10. Nc3 a6 11. Be3 Rd8 12. Rc1 Be6 13. Bf4 Qc8 14. Na4 Nd7 15.
Qe1 b6 16. b4 Nxb4 17. Nxb4 cxb4 18. Qxb4 Bd4 19. Qxe7 Bf6 20. Qb4 g5 21. Bd6
a5 22. Qb5 Qa6 23. Bxa8 Qxa8 24. Nc3 Nc5 25. Qxb6 Bxc3 26. Qxc5 Bh3 27. Qxg5+
Bg7 28. Qd5 Qxd5 29. cxd5 Bxf1 30. Bc7 Rc8 31. d6 Bh3 32. Rd1 Bd7 33. Bxa5 Rc2
34. Rd2 Rxd2 35. Bxd2 f5 36. Kg2 Kf7 37. Bb4 Ke6 38. Kh3 Bf6 39. e3 Kd5 40. Kg2
Ke4 41. a3 Bc6 42. h3 Kd3+ 43. Kg1 h5 44. h4 Ke2 45. Bc5 Bd8 46. Bb4 Bf6 47.
Ba5 Be5 48. Bb4 Bb2 49. Bc5 Ba1 50. Bb4 Bb2 51. Bc5 Bd7 52. Bb4 Be5 53. Bc5 Bc3
54. e4 fxe4 55. Be3 Bf6 56. Kg2 Bg7 57. Kg1 Be5 58. Bc5 Bc6 59. Kg2 Bf6 60. Kg1
Bc3 61. Be3 Bb2 62. Bc5 Be5 63. Kg2 Bb2 64. Kg1 Bc1 65. Kh2 Kf3 66. Kg1 Bd2 67.
Kh2 Ke2 68. Kg1 Be1 69. Be3 Bc3 70. Bc5 Kf3 71. Be3 Bb5 72. Kh2 Bb2 73. Bc5 Bc3
74. Kg1 Be5 75. Kh2 Bc6 76. Kg1 Bc3 77. Be3 Ke2 78. Bc5 Bd2 79. Kh2 Kf1 80. Bd4
Bd7 81. Bc5 Bc1 82. Kh1 Bb2 83. Kh2 Bc6 84. Kh3 Be5 85. Kh2 Bc3 86. Be3 Be1 87.
g4 Bxf2 88. Bxf2 Kxf2 89. g5 e3 90. g6 e2 0-1

[Event "FIDE World Youth U16 Chess Olympiad SLOVAKIA 2016"]
[Site "Poprad Tatry SLOVAKIA"]
[Date "2016.07.25"]
[Round "5"]
[Board "1"]
[White "Gorcsi, Gabor"]
[Black "Makhnyov, Denis"]
[Result "1/2-1/2"]
[WhiteElo "2263"]
[BlackElo "2351"]
[PlyCount "93"]
[EventDate "2016.07.22"]
[EventType "team"]
[EventRounds "9"]
[EventCountry "SVK"]
[WhiteTeam "Hungary 2"]
[BlackTeam "Kazakhstan"]

1. d4 d5 2. Nf3 Nf6 3. g3 Bf5 4. Bg2 c6 5. O-O h6 6. c4 e6 7. Nc3 Nbd7 8. Nd2
Be7 9. e4 dxe4 10. Ndxe4 Nxe4 11. Nxe4 O-O 12. Be3 Bxe4 13. Bxe4 Nf6 14. Bg2
Qa5 15. Qe2 Rfd8 16. a3 Rd7 17. Rfd1 Rad8 18. h3 Qa4 19. Rdc1 Bd6 20. f4 Bc7
21. Bf2 Qa5 22. b4 Qf5 23. Qc2 Qxc2 24. Rxc2 Bb6 25. c5 Bc7 26. a4 Nd5 27. b5
Ba5 28. Bxd5 Rxd5 29. bxc6 bxc6 30. Rb1 R5d7 31. Kf1 Kf8 32. Ke2 Ke8 33. Kd3
Rc8 34. Kc4 Bd8 35. Rcb2 Bf6 36. Rb7 Kd8 37. a5 Rxb7 38. Rxb7 Rc7 39. Rxc7 Kxc7
40. a6 h5 41. Kd3 Kd7 42. Ke4 Bd8 43. Be1 g6 44. Bd2 Bc7 45. Be1 Bd8 46. Bd2
Bc7 47. Be1 1/2-1/2

[Event "FIDE World Youth U16 Chess Olympiad SLOVAKIA 2016"]
[Site "Poprad Tatry SLOVAKIA"]
[Date "2016.07.25"]
[Round "5"]
[Board "2"]
[White "Turar, Dastan"]
[Black "Bohus, Adam"]
[Result "0-1"]
[WhiteElo "2266"]
[BlackElo "2200"]
[PlyCount "56"]
[EventDate "2016.07.22"]
[EventType "team"]
[EventRounds "9"]
[EventCountry "SVK"]
[WhiteTeam "Kazakhstan"]
[BlackTeam "Hungary 2"]

1. d4 d5 2. c4 dxc4 3. e4 e5 4. Nf3 exd4 5. Bxc4 Nc6 6. O-O Be6 7. Bxe6 fxe6 8.
Qb3 Qd7 9. Qxb7 Rb8 10. Qa6 Nf6 11. Nbd2 Bd6 12. Re1 Ng4 13. Nc4 O-O 14. h3
Rxf3 15. hxg4 Rf7 16. Bd2 Rbf8 17. Rf1 Bf4 18. Rad1 e5 19. g5 d3 20. Qa3 Qd4
21. Bxf4 Rxf4 22. Qb3 Rxf2 23. Ne3+ Kh8 24. Rxf2 Qxe3 25. Rdf1 Nd4 26. Qxd3
Nf3+ 27. gxf3 Qxd3 28. Kg2 Qe3 0-1

[Event "FIDE World Youth U16 Chess Olympiad SLOVAKIA 2016"]
[Site "Poprad Tatry SLOVAKIA"]
[Date "2016.07.25"]
[Round "5"]
[Board "3"]
[White "Pribelszky, Bence"]
[Black "Agmanov, Zhandos"]
[Result "0-1"]
[WhiteElo "2162"]
[BlackElo "2310"]
[PlyCount "96"]
[EventDate "2016.07.22"]
[EventType "team"]
[EventRounds "9"]
[EventCountry "SVK"]
[WhiteTeam "Hungary 2"]
[BlackTeam "Kazakhstan"]

1. e4 c5 2. Nf3 e6 3. d4 cxd4 4. Nxd4 a6 5. Nc3 Qc7 6. Be3 Nf6 7. Bd3 Nc6 8.
O-O Ne5 9. h3 b5 10. f4 Nc4 11. Bxc4 Qxc4 12. Qd3 Bb7 13. Qxc4 bxc4 14. e5 Nd5
15. Nxd5 Bxd5 16. c3 g6 17. b4 cxb3 18. axb3 Be7 19. Ra4 O-O 20. Rfa1 Rfc8 21.
c4 Bb7 22. Kf2 f6 23. exf6 Bxf6 24. R1a2 Rab8 25. g4 e5 26. fxe5 Bxe5 27. Ke2
Bg2 28. Rxa6 Bxh3 29. g5 Re8 30. Kd2 Bg7 31. Nb5 Bf8 32. Bd4 Bb4+ 33. Bc3 Bc5
34. Rf6 Be3+ 35. Kc2 Bf5+ 36. Rxf5 gxf5 37. Nd6 Re6 38. Nxf5 Bxg5 39. Ra7 Rf8
40. Nd4 Rf2+ 41. Kd1 Rh6 42. Be1 Rh1 43. Ne2 Rff1 44. Ng3 Rxe1+ 45. Kc2 Rh2+
46. Kc3 Re3+ 47. Kb4 Rxg3 48. Rxd7 Rb2 0-1

[Event "FIDE World Youth U16 Chess Olympiad SLOVAKIA 2016"]
[Site "Poprad Tatry SLOVAKIA"]
[Date "2016.07.25"]
[Round "5"]
[Board "4"]
[White "Suleymenov, Alisher"]
[Black "Kovacs, Judit"]
[Result "1/2-1/2"]
[WhiteElo "2259"]
[BlackElo "2114"]
[PlyCount "80"]
[EventDate "2016.07.22"]
[EventType "team"]
[EventRounds "9"]
[EventCountry "SVK"]
[WhiteTeam "Kazakhstan"]
[BlackTeam "Hungary 2"]

1. d4 d5 2. c4 c6 3. Nf3 Nf6 4. e3 Bf5 5. Nc3 e6 6. Nh4 Bg6 7. Qb3 Qc7 8. Bd2
Nbd7 9. Rc1 Qb6 10. Nxg6 hxg6 11. Be2 Be7 12. O-O Qxb3 13. axb3 O-O 14. Rfd1
Rfd8 15. Be1 Nb6 16. f3 c5 17. Bf2 Rac8 18. dxc5 Bxc5 19. cxd5 Nbxd5 20. Nxd5
exd5 21. Kf1 Re8 22. Bb5 Red8 23. h4 a6 24. Be2 Bb6 25. g4 Rxc1 26. Rxc1 Re8
27. g5 Nd7 28. Rc3 Ne5 29. f4 Nc6 30. Bf3 Nb4 31. Kg2 Na2 32. Rd3 Nb4 33. Rc3
Na2 34. Rd3 Nb4 35. Rd2 Bxe3 36. Re2 d4 37. Bxb7 Re7 38. Bxe3 dxe3 39. Ba8 Re8
40. Bb7 Re7 1/2-1/2

[Event "FIDE World Youth U16 Chess Olympiad SLOVAKIA 2016"]
[Site "Poprad Tatry SLOVAKIA"]
[Date "2016.07.25"]
[Round "5"]
[Board "1"]
[White "Walter, Szymon"]
[Black "Mesaros, Florian"]
[Result "1/2-1/2"]
[WhiteElo "2206"]
[BlackElo "2324"]
[PlyCount "73"]
[EventDate "2016.07.22"]
[EventType "team"]
[EventRounds "9"]
[EventCountry "SVK"]
[WhiteTeam "Poland 1"]
[BlackTeam "Austria"]

1. e4 e5 2. Nf3 Nc6 3. Bb5 a6 4. Ba4 Nf6 5. O-O Be7 6. Re1 b5 7. Bb3 d6 8. c3
O-O 9. d4 Bg4 10. Be3 Bh5 11. Nbd2 d5 12. exd5 exd4 13. cxd4 Nb4 14. Nf1 Nbxd5
15. Ng3 Bg6 16. Ne5 Nxe3 17. fxe3 c5 18. Qf3 Bd6 19. Nf5 Bxf5 20. Qxf5 cxd4 21.
exd4 Qb6 22. Rad1 Bxe5 23. Qxe5 Rad8 24. Qc5 Qb8 25. Re7 Qf4 26. Qe5 Qh4 27. g3
Qg4 28. d5 a5 29. Rd4 Qc8 30. d6 a4 31. Rc7 Qb8 32. Bd5 Rde8 33. Qf4 Qb6 34.
Rb7 Qc5 35. Rc7 Qb6 36. Rb7 Qc5 37. Rc7 1/2-1/2

[Event "FIDE World Youth U16 Chess Olympiad SLOVAKIA 2016"]
[Site "Poprad Tatry SLOVAKIA"]
[Date "2016.07.25"]
[Round "5"]
[Board "2"]
[White "Horvath, Dominik"]
[Black "Garbowski, Jakub"]
[Result "1-0"]
[WhiteElo "2216"]
[BlackElo "2102"]
[PlyCount "77"]
[EventDate "2016.07.22"]
[EventType "team"]
[EventRounds "9"]
[EventCountry "SVK"]
[WhiteTeam "Austria"]
[BlackTeam "Poland 1"]

1. Nf3 Nf6 2. c4 g6 3. Nc3 d5 4. cxd5 Nxd5 5. Qb3 Nb6 6. d4 Bg7 7. Bf4 O-O 8.
Rd1 a5 9. e4 Bg4 10. Be2 a4 11. Qc2 Bxf3 12. Bxf3 c6 13. O-O Qe8 14. Be2 N8d7
15. Be3 e5 16. d5 f5 17. f3 cxd5 18. Nxd5 Nxd5 19. Rxd5 Nf6 20. Rc5 f4 21. Bf2
Qb8 22. Rc1 Rd8 23. Bh4 Rd4 24. Bc4+ Kh8 25. Be6 Qe8 26. Bc8 Rb8 27. Rc7 Qf8
28. Bf2 Rd8 29. Ba7 Ra8 30. Bc5 Qg8 31. Bxb7 Rab8 32. Ba7 Rxb7 33. Rxb7 Ne8 34.
Rb8 Nd6 35. Qc7 Rxb8 36. Qxb8 Qxb8 37. Bxb8 Bf8 38. Bxd6 Bxd6 39. Rc4 1-0

[Event "FIDE World Youth U16 Chess Olympiad SLOVAKIA 2016"]
[Site "Poprad Tatry SLOVAKIA"]
[Date "2016.07.25"]
[Round "5"]
[Board "3"]
[White "Antolak, Julia"]
[Black "Blohberger, Felix"]
[Result "1/2-1/2"]
[WhiteElo "2059"]
[BlackElo "2284"]
[PlyCount "66"]
[EventDate "2016.07.22"]
[EventType "team"]
[EventRounds "9"]
[EventCountry "SVK"]
[WhiteTeam "Poland 1"]
[BlackTeam "Austria"]

1. e4 e6 2. d4 d5 3. Nd2 Be7 4. Ngf3 Nf6 5. e5 Nfd7 6. Bd3 c5 7. c3 b6 8. O-O
Ba6 9. Bxa6 Nxa6 10. Re1 b5 11. dxc5 Naxc5 12. Nb3 a5 13. Nfd4 Qb6 14. Qg4 g6
15. Nxc5 Nxc5 16. Bh6 g5 17. Bg7 h5 18. Qe2 Rg8 19. Bf6 Rb8 20. Qxh5 Rg6 21. f3
Nd3 22. Re3 Nf4 23. Qh8+ Bf8 24. Rd1 b4 25. cxb4 Rc8 26. b3 Qxb4 27. g3 Rh6 28.
Qg8 Qxd4 29. Rxd4 Rc1+ 30. Re1 Rxe1+ 31. Kf2 Re2+ 32. Kf1 Rhxh2 33. gxf4 Rhf2+
 1/2-1/2

[Event "FIDE World Youth U16 Chess Olympiad SLOVAKIA 2016"]
[Site "Poprad Tatry SLOVAKIA"]
[Date "2016.07.25"]
[Round "5"]
[Board "4"]
[White "Schloffer, Jasmin-Denise"]
[Black "Szmer, Aleksander"]
[Result "1-0"]
[WhiteElo "2005"]
[BlackElo "1808"]
[PlyCount "75"]
[EventDate "2016.07.22"]
[EventType "team"]
[EventRounds "9"]
[EventCountry "SVK"]
[WhiteTeam "Austria"]
[BlackTeam "Poland 1"]

1. d4 Nf6 2. c4 e5 3. dxe5 Ng4 4. Bf4 Bb4+ 5. Nd2 Nc6 6. Ngf3 Qe7 7. e3 Ngxe5
8. Nxe5 Nxe5 9. Be2 Qd6 10. a3 Bxd2+ 11. Qxd2 Qxd2+ 12. Kxd2 f6 13. c5 Ke7 14.
Rhd1 b6 15. Rac1 Bb7 16. f3 Rac8 17. Ke1 Rhd8 18. Rc3 d6 19. cxb6 cxb6 20. Rdc1
Rxc3 21. Rxc3 Rc8 22. Kd2 Ke6 23. Bg3 Rxc3 24. Kxc3 d5 25. b4 Bc6 26. b5 Be8
27. Kd4 Kd6 28. a4 Bd7 29. Bd3 h6 30. Bc2 Be8 31. Bb3 Bf7 32. e4 Be8 33. Bxd5
g6 34. f4 Nd7 35. e5+ Ke7 36. Be1 g5 37. g3 Bg6 38. Bb4+ 1-0